000 00864nam a2200253Ia 4500
003 OSt
005 20220916110921.0
006 a|||||r|||| 00| 0
007 ta
008 220915b |||||||| |||| 00| 0 hin d
024 _a36331
037 _cTextbook
040 _bhin
_aARTS
_cARTS
041 _ahin
082 _aO15,2:g, 152K9
100 _aत्रिपाठी, रमाकान्त
245 0 _aसंस्कृत नाटयसिद्धान्त
246 _aSanskṛut nāṭayasiddhānta
260 _aवाराणसी
_bचौखम्बा विधाभवन भारत
_c1969
300 _a208पण्
_ccm.
650 _aहिन्दी साहित्य
942 _hO15,2:g, 152K9
_cTB
_2CC
999 _c101323
_d101323